EW's Best of the Decade Quiz Stats

 Plays Quiz Updated Jan 16, 2019

     
Support Sporcle.
Go Orange.
Score 0/40 Timer 15:00
0 Plays Today
Category Answer % Correct
TelevisionAmerican Idol
87.4%
MoviesThe Lord of the Rings
79.1%
TelevisionThe Sopranos
72.9%
TelevisionThe Daily Show
71.3%
TelevisionLost
70.8%
TelevisionThe Office (U.K.)
70.7%
MusicBeyoncé
64.7%
MusicJustin Timberlake
62.3%
MusicKanye West
59.7%
TelevisionArrested Development
57%
MoviesThe Dark Knight
49.2%
MusicJay-Z
48.9%
MoviesBrokeback Mountain
43.4%
TelevisionGilmore Girls
41.1%
MusicOutKast
39.7%
TelevisionThe Shield
37.1%
MoviesThe 40 Year-Old Virgin
35.6%
MusicRadiohead
35.2%
MoviesLost in Translation
31.5%
MoviesGladiator
30.5%
Category Answer % Correct
BooksThe Road
29.9%
MoviesMoulin Rouge!
28.3%
BooksHarry Potter and the Goblet of Fire
27.2%
MoviesAlmost Famous
23.4%
TelevisionThe Wire
18.6%
MusicArcade Fire
16.1%
TelevisionThe Comeback
9.9%
MoviesChildren of Men
7.8%
MusicBob Dylan
7.1%
MoviesWALL-E
6.9%
BooksThe Corrections
6.4%
MusicDixie Chicks
4.8%
BooksThe Amazing Adventures of Kavalier & Clay
4.5%
BooksOn Beauty
3.3%
MusicCat Power
2.7%
BooksSnow
2.2%
BooksZeitoun
1.5%
BooksFun Home: A Family Tragicomic
1.3%
BooksSay You're One of Them
1.1%
BooksCase Histories: A Novel
1%

From the Vault

Close-Up 'T' Images

by Chenchilla

You gotta be careful when you get too close to 'T', it's can be very hot!
Remove Ads.
Support Sporcle.
Get the best of Sporcle when you Go Orange. This ad-free experience offers more features, more stats, and more fun while also helping to support Sporcle. Thank you for becoming a member.

Show Comments

Extras

Top Quizzes Today


Score Distribution

Your Account Isn't Verified!

In order to create a playlist on Sporcle, you need to verify the email address you used during registration. Go to your Sporcle Settings to finish the process.

Report this User

Report this user for behavior that violates our Community Guidelines.

Details: